000 01298cam a22003014a 4500
001 13120468
003 ARRUPE
005 20160208093051.0
008 030312s2004 maua b 001 0 eng
010 _a 2003045339
020 _a0631229183 (alk. paper)
020 _a0631229191 (pbk. : alk. paper)
040 _aDLC
_cDLC
042 _apcc
050 0 0 _aQA76.167
_b.B53 2004
245 0 4 _aThe Blackwell guide to the philosophy of computing and information /
_cedited by Luciano Floridi.
260 _aMalden, MA :
_bBlackwell Pub.,
_cc2004.
300 _axiv, 371 p. :
_bill. ;
_c26 cm.
440 0 _aBlackwell philosophy guides
_93389
504 _aIncludes bibliographical references and index.
650 0 _aComputer science
_xPhilosophy.
_93390
650 0 _aInformation technology
_xPhilosophy.
_93391
700 1 _aFloridi, Luciano,
_d1964-
_93392
856 _uhttp://192.168.1.17/librarian/viewpdf.php?file=00715.pdf&title=The+Blackwell+Guide+to+the+Philosophy+of+Computing+and+Information+%28Blackwell+Philosophy+Guides%29.pdf
906 _a7
_bcbc
_corignew
_d1
_eocip
_f20
_gy-gencatlg
942 _2lcc
_cMONOGRAPH
999 _c118549
_d118549